On the Origin of the Laff er Curve

V roku 1974 načrtol Arthur Laffer svoju slávnu krivku. Jude Wanniski jej dal meno Lafferova krivka a popularizoval ju v roku 1978. V súčasnosti je Lafferova krivka súčasťou väčšiny ekonomických teórií a základným argumentom v daňových debatách.

Uložené v:
Podrobná bibliografia
Hlavný autor: Mach, Petr
Médium: Kapitola
Jazyk:English
Predmet:
Tagy: Pridať tag
Žiadne tagy, Buďte prvý, kto otaguje tento záznam!

MARC

LEADER 00000naa a2200000 4500
001 0259721
005 20220715113249.5
041 0 |a eng 
044 |a CZ 
245 1 0 |a On the Origin of the Laff er Curve  |c Petr Mach 
520 |a V roku 1974 načrtol Arthur Laffer svoju slávnu krivku. Jude Wanniski jej dal meno Lafferova krivka a popularizoval ju v roku 1978. V súčasnosti je Lafferova krivka súčasťou väčšiny ekonomických teórií a základným argumentom v daňových debatách. 
610 2 0 |a zdaňovanie 
610 2 0 |a história 
610 2 0 |a dejiny myslenia ekonomického 
610 2 0 |a sadzby daňové 
610 2 0 |a teórie daňové 
100 1 |a Mach, Petr